000 00424nam a22001577a 4500
003 NUST - PNEC
005 20170116181146.0
008 151012b xxu||||| |||| 00| 0 eng d
040 _cLIBRARY
082 _a909.83 MUR
100 _914982
_aMurtaza Anjum
245 _aBeesvi sadi ke aham waqiyat (20th Century ke aham waqiyat)
_cMurtaza Anjum
260 _c2002
650 _914981
_aHistory
_xGeneral
942 _2ddc
_cBK
999 _c70694
_d70694